ბათუმის შოთა რუსთაველის სახელმწიფო უნივერსიტეტის ბიბლიოთეკა

ზოგადი ფიზიკის კურსი : II : ელექტრობა და მაგნეტიზმი : სახელმძღვ. / (ბიბ.ჩანაწერი № 38436)

000 -ლიდერი
ფიქსირებული სიგრძის საკონტროლო ველი 01076nam a2200229Ia 4500
001 - საკონტროლო ნომერი
საკონტროლო ველი 4447
003 - საკონტროლო ნომრის იდენტიფიკატორი
საკონტროლო ველი GE_BSU
005 - ბოლო ოპერაციის თარიღი და დრო
საკონტროლო ველი 20190517210026.0
008 - ფიქსირებული სიგრძის მონაცემთა ელემენტები - ზოგადი ინფორმაცია
ფიქსირებული სიგრძის საკონტროლო ველი 181216s1993||||ge |||||||||||||| ||geo||
040 ## - კატალოგიზაციის წყარო
Transcribing agency GE_BSU
041 ## - ენის კოდი
Language code of text/sound track or separate title geo
080 ## - უნივერსალური ათობითი კლასიფიკაციის ინდექსი
Universal Decimal Classification number 53+531/534(075.8) ვ–43
100 ## - მთავარი ჩანაწერი - პიროვნების სახელი
Personal name ვეფხვაძე, გ.
9 (RLIN) 1364
245 ## - ცნობა სათაურის შესახებ
Title ზოგადი ფიზიკის კურსი : II : ელექტრობა და მაგნეტიზმი : სახელმძღვ. /
Statement of responsibility, etc გ. ვეფხვაძე ; რედ : ნ.პოლიევქტოვ–ნიკოლაძე.
264 ## - წარმოების, გამოცემის, დისტრიბუციის და სხვა ცნობები
გამოცემის, წარმოების, დისტრიბუციის... ადგილი თბილისი :
გამოცემის, წარმოების, დისტრიბუციის... სახელწოდება თბილ. უნ–ტის გამ–ბა,
გამოცემის, წარმოების, დისტრიბუციის... თარიღი 1983.
300 ## - ფიზიკური აღწერა
Extent 293 გვ :
Dimensions 22 სმ.
653 ## - INDEX TERM--UNCONTROLLED
Uncontrolled term ელექტრობა და მაგნეტიზმი
653 ## - INDEX TERM--UNCONTROLLED
Uncontrolled term ზოგადი ფიზიკის კურსი
653 ## - INDEX TERM--UNCONTROLLED
Uncontrolled term ფიზიკა.
700 ## - ADDED ENTRY--PERSONAL NAME
Personal name პოლიევქტოვ–ნიკოლაძე, ნ
Relator term რედაქტორი
9 (RLIN) 1365
942 ## - ADDED ENTRY ELEMENTS (KOHA)
Koha item type წიგნი
Source of classification or shelving scheme
ეგზემპლარები
ჩამოწერის სტატუსი დაკარგული ეგზემპლარის სტატუსი კლასიფიკაციის წყარო ან თაროზე გაწყობის სქემა დაზიანების სტატუსი არ გაიცემა მუდმივი მდებარეობა (დაცვის ადგილი) ამჟამინდელი ადგილსამყოფელი თაროზე განთავსების ადგილი შეძენის თარიღი ღირებულება, შესყიდვის ნორმალური ფასი სრული შენახვის შიფრი შტრიხკოდი ბოლო ოპერაციის თარიღი ეგზემპლარის მიმდევრობითი ნომერი (კეტერი?) ფასის ძალაში შესვლის თარიღი ეგზემპლარის სახეობა საჯარო შენიშვნა
          ტექნოლოგიური ფაკულტეტის ბიბლიოთეკა ტექნოლოგიური ფაკულტეტის ბიბლიოთეკა წიგნსაცავი 2018-12-17 1.00 53+531/534(075.8) ვ–43 8747 2018-12-17 8747 2018-12-17 წიგნი 1 ლ. 60 თ.
          ტექნოლოგიური ფაკულტეტის ბიბლიოთეკა ტექნოლოგიური ფაკულტეტის ბიბლიოთეკა წიგნსაცავი 2018-12-17 1.00 53+531/534(075.8) ვ–43 8748 2018-12-17 8748 2018-12-17 წიგნი 1 ლ. 60 თ.
          ტექნოლოგიური ფაკულტეტის ბიბლიოთეკა ტექნოლოგიური ფაკულტეტის ბიბლიოთეკა წიგნსაცავი 2018-12-17 1.00 53+531/534(075.8) ვ–43 8749 2018-12-17 8749 2018-12-17 წიგნი 1 ლ. 60 თ.